三セク協議会に加盟している鉄道会社 - Statistics

General Stats
  • This quiz has been taken 204 times
  • The average score is 26 of 41
Answer Stats
会社名 % Correct
道南いさりび鉄道株式会社
90%
えちごトキめき鉄道株式会社
86%
あいの風とやま鉄道株式会社
86%
IGRいわて銀河鉄道株式会社
84%
IRいしかわ鉄道株式会社
82%
三陸鉄道株式会社
80%
株式会社ハピラインふくい
78%
秋田内陸縦貫鉄道株式会社
77%
しなの鉄道株式会社
77%
阿武隈急行株式会社
74%
いすみ鉄道株式会社
74%
会津鉄道株式会社
71%
山形鉄道株式会社
70%
肥薩おれんじ鉄道株式会社
70%
松浦鉄道株式会社
65%
伊勢鉄道株式会社
64%
鹿島臨海鉄道株式会社
63%
真岡鐵道株式会社
63%
長良川鉄道株式会社
63%
土佐くろしお鉄道株式会社
63%
由利高原鉄道株式会社
62%
わたらせ渓谷鐵道株式会社
62%
天竜浜名湖鉄道株式会社
61%
智頭急行株式会社
60%
野岩鉄道株式会社
59%
若桜鉄道株式会社
59%
愛知環状鉄道株式会社
58%
平成筑豊鉄道株式会社
57%
北越急行株式会社
56%
樽見鉄道株式会社
56%
のと鉄道株式会社
54%
明知鉄道株式会社
54%
井原鉄道株式会社
54%
錦川鉄道株式会社
52%
南阿蘇鉄道株式会社
52%
北条鉄道株式会社
51%
甘木鉄道株式会社
50%
阿佐海岸鉄道株式会社
48%
くま川鉄道株式会社
46%
信楽高原鐵道株式会社
44%
北近畿タンゴ鉄道株式会社
37%
No matching quizzes found
Score Distribution
Percent of People with Each Score
Percentile by Number Answered
Your Score History
You have not taken this quiz